| 000 | 01123nam2a22002531 4500 | ||
|---|---|---|---|
| 001 | RU\NLR\INFOCOMM6\1000374442 | ||
| 005 | 20260405060908.0 | ||
| 035 | _a(NLR Aleph) 002484161 | ||
| 090 |
_a2450424 _c2450424 |
||
| 100 | _a20031229d1865 |||y0rusy50 ca | ||
| 101 | 0 | _arus | |
| 102 | _aRU | ||
| 105 | _ay ||||||||| | ||
| 200 | 1 |
_aДядя Сайлас. Повесть о Бертрам-Гауге _fЛе-Фаню, Ж.Ш. |
|
| 210 | _d1865 | ||
| 461 | 0 |
_1001RU\NLR\INFOCOMM6\1000374416 _12001#$aБиблиотека лучших иностранных романов и повестей в русском переводе$vГ.4 1865, №35 _92450199 _cСПб. _d1865-1868 _nЕ-на Богушевич _tБиблиотека лучших иностранных романов и повестей в русском переводе _vГ.4 1865, №35 |
|
| 700 | 1 |
_4070 _8rus _7ca _aЛе Фаню _bД. Ш. _f1814-1873 _gДжозеф Шеридан _3RU\NLR\AUTH\7720068 _93136 |
|
| 801 | 1 |
_aRU _bInfoComm _c20031229 |
|
| 801 | 0 |
_aRU _bNLR _gPSBO |
|
| 852 |
_aNLR _j2/61 |
||
| 942 | _cISSUE | ||
| 980 | _aNB | ||
| 980 | _aRUSPER | ||